Tratado de Pediatría / (Record no. 80782)

MARC details
000 -LEADER
campo de control de longitud fija 00857nam a2200205 i 4500
001 - NÚMERO DE CONTROL
campo de control 80782
003 - IDENTIFICADOR DE NÚMERO DE CONTROL
campo de control ES-MaACL
005 - FECHA Y HORA DE LA ÚLTIMA TRANSACCIÓN
campo de control 20230906174310.0
007 - CAMPO FIJO DE DESCRIPCIÓN FÍSICA--INFORMACIÓN GENERAL
campo de control de longitud fija t|
008 - DATOS DE LONGITUD FIJA--INFORMACIÓN GENERAL
campo de control de longitud fija 041029s1943 mx ||||1| spa d
100 1# - ENTRADA PRINCIPAL--NOMBRE DE PERSONA
Nombre de persona Holt, L. Emmett.
9 (RLIN) 64081
245 10 - MENCIÓN DEL TÍTULO
Título Tratado de Pediatría /
Mención de responsabilidad, etc. por L. Emmett Holt, John Howland ; revisión de la undécima edición en inglés por L. Emmett Holt Jr. y Rustin McIntosh ; traducción al castellano por Ricardo Alduvin ; revisión de la traducción por Oscar G. Carrera.
260 ## - PUBLICACIÓN, DISTRIBUCIÓN, ETC.
Lugar de publicación, distribución, etc. México :
Nombre del editor, distribuidor, etc. Unión Tipográfica Editorial Hispano-Americana,
Fecha de publicación, distribución, etc. [1943] (
Fabricante Imp. La Nación)
300 ## - DESCRIPCIÓN FÍSICA
Extensión 2 v., 8 lám. :
Otras características físicas il. ;
Dimensiones 26 cm.
700 1# - ENTRADA AGREGADA--NOMBRE PERSONAL
Nombre de persona Howland, John.
9 (RLIN) 64414
700 1# - ENTRADA AGREGADA--NOMBRE PERSONAL
Nombre de persona McIntosh, Rustin.
9 (RLIN) 79583
700 1# - ENTRADA AGREGADA--NOMBRE PERSONAL
Nombre de persona Alduvin, Ricardo.
9 (RLIN) 19659
700 1# - ENTRADA AGREGADA--NOMBRE PERSONAL
Nombre de persona Carrera, Oscar G.
9 (RLIN) 35633
852 ## - LOCALIZACIÓN
Ubicación ES-MaACL
Número de control de estantería C-5274-75
Sublocalización o colección R.25389
Holdings
Estatus retirado Estado de pérdida Estado de daño No para préstamo Biblioteca de origen Biblioteca actual Ubicación en estantería Fecha de adquisición Fuente de adquisición Total de préstamos Signatura topográfica completa Código de barras Visto por última vez Precio de reemplazo Tipo de ítem Koha
        Biblioteca del Ateneo de Madrid Biblioteca del Ateneo de Madrid Sala Palomar 17/01/2008     C-5274-75 1084456 23/02/2023 23/02/2023 Libro impreso